[Event "Open Ciutat de Sabadell 2010"]
[Site "Sabadell ESP"]
[Date "2010.09.01"]
[Round "1.1"]
[White "Quesada Perez, Yuniesky"]
[Black "Gomez Jurado, Luis Alberto"]
[Result "1-0"]
[WhiteElo "2614"]
[BlackElo "2339"]
[PlyCount "79"]
[EventDate "2010.09.01"]
[EventType "swiss"]
[EventRounds "9"]
[EventCountry "ESP"]
[Source "lmi"]
[SourceDate "2010.09.01"]

1. e4 c5 2. Nf3 Nc6 3. Bb5 g6 4. Bxc6 dxc6 5. d3 Bg7 6. h3 e5 7. O-O Qe7 8.
Nbd2 Nf6 9. a3 Nd7 10. b4 O-O 11. Nc4 Re8 12. Re1 b6 13. Qd2 Ba6 14. Qc3 Nf8
15. bxc5 Qxc5 16. a4 Qe7 17. Bb2 f6 18. Ba3 c5 19. Ne3 Ne6 20. Nd5 Qd7 21. Qb3
Rac8 22. c4 Nf4 23. Nxf4 exf4 24. Bb2 Bb7 25. a5 Re6 26. axb6 Rxb6 27. Qc2 Rd8
28. Red1 a6 29. Bc3 f5 30. Ba5 Bxa1 31. Bxb6 fxe4 32. Ne1 Bd4 33. Bxd8 e3 34.
Bh4 g5 35. fxe3 fxe3 36. Qe2 gxh4 37. Nc2 a5 38. Nxd4 cxd4 39. Rf1 a4 40. Qh5
1-0

[Event "Open Ciutat de Sabadell 2010"]
[Site "Sabadell ESP"]
[Date "2010.09.01"]
[Round "1.2"]
[White "Vilela De Acuna, Jose Luis"]
[Black "Kovalyov, Anton"]
[Result "0-1"]
[WhiteElo "2326"]
[BlackElo "2601"]
[PlyCount "130"]
[EventDate "2010.09.01"]
[EventType "swiss"]
[EventRounds "9"]
[EventCountry "ESP"]
[Source "lmi"]
[SourceDate "2010.09.01"]

1. d4 Nf6 2. Nf3 e6 3. c4 b6 4. a3 Ba6 5. Qc2 Bb7 6. Nc3 c5 7. e4 cxd4 8. Nxd4
Bc5 9. Nb3 Nc6 10. Bg5 h6 11. Bh4 O-O 12. O-O-O Re8 13. Nb5 Bf8 14. Kb1 Rc8 15.
f3 Ba6 16. Bg3 e5 17. Nd6 Bxd6 18. Rxd6 Nh5 19. Be2 Nb8 20. Rhd1 Qg5 21. Qd2
Bxc4 22. Bxc4 Rxc4 23. Qxg5 hxg5 24. Nd2 Rc6 25. Nf1 Rxd6 26. Rxd6 f6 27. Ne3
Kf7 28. Rd2 Rc8 29. Nf5 Rc6 30. b3 g6 31. Ne3 Ke6 32. Nd5 Na6 33. Kb2 Nc7 34.
a4 Ng7 35. Bf2 Nge8 36. Ne3 Rd6 37. Rc2 Rd3 38. Rc3 Rd2+ 39. Rc2 Rxc2+ 40. Kxc2
d5 41. exd5+ Nxd5 42. Nxd5 Kxd5 43. a5 Kc6 44. axb6 axb6 45. Kd3 b5 46. h4 gxh4
47. Bxh4 g5 48. Be1 Nd6 49. g4 Kd5 50. Bb4 e4+ 51. fxe4+ Nxe4 52. Be1 Nc5+ 53.
Kc3 Nd7 54. Kb4 Kc6 55. Kc3 Ne5 56. Bg3 Kc5 57. Bf2+ Kd5 58. Bb6 Nxg4 59. Bd8
Nf2 60. Kd2 f5 61. Ke3 Ne4 62. Kf3 Kd4 63. b4 Kd3 64. Bc7 Nd2+ 65. Kg3 Ke2 0-1

[Event "Open Ciutat de Sabadell 2010"]
[Site "Sabadell ESP"]
[Date "2010.09.01"]
[Round "1.4"]
[White "Rios, Alejandro"]
[Black "Fier, Alexandr"]
[Result "0-1"]
[WhiteElo "2299"]
[BlackElo "2588"]
[PlyCount "124"]
[EventDate "2010.09.01"]
[EventType "swiss"]
[EventRounds "9"]
[EventCountry "ESP"]
[Source "lmi"]
[SourceDate "2010.09.01"]

1. e4 Nf6 2. e5 Nd5 3. d4 d6 4. Nf3 g6 5. c4 Nb6 6. exd6 cxd6 7. Be2 Bg7 8. O-O
O-O 9. h3 Nc6 10. Nc3 Bf5 11. Be3 d5 12. c5 Nc4 13. Bc1 b6 14. cxb6 Nxb6 15.
Bf4 f6 16. Bb5 Na5 17. b3 a6 18. Bd3 Bxd3 19. Qxd3 e5 20. dxe5 fxe5 21. Bg5
Rxf3 22. Bxd8 Rxd3 23. Bxb6 Nxb3 24. axb3 Rxc3 25. b4 Rb3 26. Bc5 d4 27. Ra2 d3
28. f3 Kf7 29. Rd1 Bh6 30. Kf2 Ke6 31. Be3 Bf8 32. Bd2 Kf7 33. Ke3 Ke6 34. Kf2
Bxb4 35. Bxb4 Rxb4 36. Rxd3 a5 37. Rc2 Rd4 38. Ra3 Kd6 39. Ke3 a4 40. Ke2 h5
41. Ke3 h4 42. Ke2 Rb8 43. Raa2 Ra8 44. Ra3 Ra6 45. Rc8 Kd7 46. Rc5 Ke6 47. Rc2
Kf5 48. Kf2 Rb4 49. Rca2 Kf4 50. Re3 Kf5 51. Rc3 Ra5 52. Re3 Rab5 53. Ree2 Rc4
54. Red2 Rb3 55. Rd5 a3 56. Re2 Rb2 57. Rdxe5+ Kf4 58. Ra5 Rxe2+ 59. Kxe2 Rc2+
60. Kd1 Ra2 61. Ra4+ Kg3 62. Rg4+ Kh2 0-1

[Event "Open Ciutat de Sabadell 2010"]
[Site "Sabadell ESP"]
[Date "2010.09.01"]
[Round "1.5"]
[White "Peralta, Fernando"]
[Black "Randazzo, Adrian"]
[Result "1-0"]
[WhiteElo "2564"]
[BlackElo "2251"]
[PlyCount "53"]
[EventDate "2010.09.01"]
[EventType "swiss"]
[EventRounds "9"]
[EventCountry "ESP"]
[Source "lmi"]
[SourceDate "2010.09.01"]

1. Nf3 Nf6 2. c4 c5 3. Nc3 Nc6 4. e3 e5 5. a3 d5 6. cxd5 Nxd5 7. Qc2 Nxc3 8.
dxc3 Bd6 9. Bc4 O-O 10. h4 Qf6 11. Ng5 Bf5 12. e4 Bd7 13. Be3 h6 14. O-O-O Rad8
15. Nf3 Bg4 16. Kb1 Be7 17. Bd5 Rc8 18. Bg5 Qg6 19. Bxc6 Bxg5 20. Bd7 Bxd7 21.
Nxe5 Qe6 22. Nxd7 Rfd8 23. hxg5 Rxd7 24. Rxd7 Qxd7 25. gxh6 gxh6 26. Rxh6 Qb5
27. c4 1-0

[Event "Open Ciutat de Sabadell 2010"]
[Site "Sabadell ESP"]
[Date "2010.09.01"]
[Round "1.6"]
[White "Uribe Arteaga, Daniel"]
[Black "Almeida Quintana, Omar"]
[Result "0-1"]
[WhiteElo "2220"]
[BlackElo "2559"]
[PlyCount "86"]
[EventDate "2010.09.01"]
[EventType "swiss"]
[EventRounds "9"]
[EventCountry "ESP"]
[Source "lmi"]
[SourceDate "2010.09.01"]

1. e4 g6 2. d4 Bg7 3. Nc3 d6 4. Be3 a6 5. Qd2 b5 6. f3 Nd7 7. g4 Bb7 8. h4 h5
9. g5 e6 10. Nge2 Ne7 11. Ng3 d5 12. exd5 Nxd5 13. Nxd5 Bxd5 14. Ne4 O-O 15.
O-O-O Qe7 16. Rg1 Rfd8 17. Bd3 Bxa2 18. Nf6+ Nxf6 19. gxf6 Bxf6 20. Qg2 Kf8 21.
b3 Qa3+ 22. Kd2 Bxd4 23. Bh6+ Ke8 24. Ke2 Qc5 25. Bxg6 Bxg1 26. Bxf7+ Ke7 27.
Qg5+ Qxg5 28. Bxg5+ Kxf7 29. Bxd8 Bb6 30. Bg5 a5 31. Ra1 a4 32. Rxa2 axb3 33.
Rb2 bxc2 34. Rxc2 c5 35. Rd2 Ra7 36. Rd6 Rb7 37. Be3 Ke7 38. Rd1 c4 39. Rg1 Kf7
40. Rg5 Bxe3 41. Kxe3 b4 42. Rxh5 Kf6 43. Kd2 c3+ 0-1

[Event "Open Ciutat de Sabadell 2010"]
[Site "Sabadell ESP"]
[Date "2010.09.01"]
[Round "1.7"]
[White "Lopez Martinez, Josep Manuel"]
[Black "Alberto, Manuel"]
[Result "1-0"]
[WhiteElo "2531"]
[BlackElo "2200"]
[PlyCount "104"]
[EventDate "2010.09.01"]
[EventType "swiss"]
[EventRounds "9"]
[EventCountry "ESP"]
[Source "lmi"]
[SourceDate "2010.09.01"]

1. d4 g6 2. e4 Bg7 3. Nf3 d6 4. Bc4 c5 5. c3 Nc6 6. d5 Nb8 7. O-O Nh6 8. Re1
O-O 9. Bf4 Nd7 10. h3 f6 11. Nbd2 Nf7 12. Bf1 Kh8 13. a4 Rg8 14. Bg3 Bh6 15.
Nh2 g5 16. Nc4 Nde5 17. Ne3 Rg6 18. a5 Qg8 19. Be2 Bf8 20. b4 cxb4 21. cxb4 Nh6
22. Rc1 g4 23. Bxe5 fxe5 24. hxg4 Nf7 25. Rc7 Bh6 26. Nf5 Qd8 27. Qc2 Bg5 28.
Ra1 Rb8 29. b5 Bd7 30. b6 a6 31. Ra3 Bf6 32. Rac3 Rg8 33. Nf1 Bxf5 34. gxf5 Qf8
35. Rg3 Bg5 36. Bh5 Nh6 37. Qa4 Qf6 38. Qd7 Rgd8 39. Qe6 Bh4 40. Qxf6+ Bxf6 41.
Rgc3 Bg5 42. Ne3 Kg7 43. Kf1 Kf6 44. Bd1 Rg8 45. Ba4 Nf7 46. Bd7 Bxe3 47. Rxe3
Ng5 48. f3 h5 49. Rec3 h4 50. Rc8 h3 51. gxh3 Rbxc8 52. Rxc8 Rg7 1-0

[Event "Open Ciutat de Sabadell 2010"]
[Site "Sabadell ESP"]
[Date "2010.09.01"]
[Round "1.8"]
[White "Lasinskas, Povilas"]
[Black "Oms Pallisse, Josep"]
[Result "0-1"]
[WhiteElo "2195"]
[BlackElo "2517"]
[PlyCount "37"]
[EventDate "2010.09.01"]
[EventType "swiss"]
[EventRounds "9"]
[EventCountry "ESP"]
[Source "lmi"]
[SourceDate "2010.09.01"]

1. d4 Nf6 2. c4 e6 3. Nc3 Bb4 4. Qc2 O-O 5. Bg5 c5 6. a3 Bxc3+ 7. bxc3 Nc6 8.
Nf3 d5 9. e3 h6 10. Bh4 e5 11. Rd1 Qc7 12. Be2 b6 13. O-O Re8 14. h3 exd4 15.
cxd4 Ba6 16. Rd3 Na5 17. Rfd1 Rad8 18. dxc5 dxc4 19. Rd5 0-1

[Event "Open Ciutat de Sabadell 2010"]
[Site "Sabadell ESP"]
[Date "2010.09.01"]
[Round "1.9"]
[White "Zoler, Dan"]
[Black "Subirats Ruiz, Sergi"]
[Result "1-0"]
[WhiteElo "2509"]
[BlackElo "2191"]
[PlyCount "55"]
[EventDate "2010.09.01"]
[EventType "swiss"]
[EventRounds "9"]
[EventCountry "ESP"]
[Source "lmi"]
[SourceDate "2010.09.01"]

1. d4 Nf6 2. c4 g6 3. g3 Bg7 4. Bg2 d5 5. cxd5 Nxd5 6. Nf3 O-O 7. O-O c5 8.
dxc5 Nc6 9. Nbd2 Qc7 10. a3 Rd8 11. Qc2 a5 12. e4 Nf6 13. Nc4 e5 14. Nb6 Rb8
15. h3 Be6 16. Bd2 Rxd2 17. Qxd2 Nxe4 18. Qe3 f5 19. Rac1 Rd8 20. Rfe1 Bf8 21.
Na4 Ne7 22. Nc3 Nd5 23. Nxd5 Bxd5 24. b4 Bg7 25. Red1 Bc6 26. Rxd8+ Qxd8 27. b5
Be8 28. c6 1-0

[Event "Open Ciutat de Sabadell 2010"]
[Site "Sabadell ESP"]
[Date "2010.09.01"]
[Round "1.10"]
[White "Gardela Batlle, Jordi"]
[Black "Martinez Duany, Lelys Stanley"]
[Result "0-1"]
[WhiteElo "2152"]
[BlackElo "2507"]
[PlyCount "24"]
[EventDate "2010.09.01"]
[EventType "swiss"]
[EventRounds "9"]
[EventCountry "ESP"]
[Source "lmi"]
[SourceDate "2010.09.01"]

1. d4 d5 2. c4 c6 3. cxd5 cxd5 4. Bf4 Nc6 5. e3 Nf6 6. Nc3 e6 7. Rc1 a6 8. Bd3
Be7 9. h3 O-O 10. Nf3 Bd7 11. O-O Rc8 12. Ne5 Be8 0-1

[Event "Open Ciutat de Sabadell 2010"]
[Site "Sabadell ESP"]
[Date "2010.09.01"]
[Round "1.11"]
[White "Barrientos, Sergio E"]
[Black "Alonso Castillo, Sergio"]
[Result "1-0"]
[WhiteElo "2464"]
[BlackElo "2140"]
[PlyCount "69"]
[EventDate "2010.09.01"]
[EventType "swiss"]
[EventRounds "9"]
[EventCountry "ESP"]
[Source "lmi"]
[SourceDate "2010.09.01"]

1. e4 e5 2. Nf3 Nc6 3. Bb5 a6 4. Ba4 Nf6 5. O-O Be7 6. Re1 b5 7. Bb3 d6 8. c3
O-O 9. d4 Bg4 10. Be3 exd4 11. cxd4 d5 12. e5 Ne4 13. Nc3 Nxc3 14. bxc3 Na5 15.
Bc2 f5 16. exf6 Bxf6 17. h3 Bxf3 18. Qxf3 g6 19. Qg4 Bg7 20. Bg5 Qc8 21. Qh4
Re8 22. f4 Qd7 23. f5 gxf5 24. Bh6 Nc4 25. Bxg7 Qxg7 26. Bxf5 Ne3 27. Bxh7+
Qxh7 28. Qg3+ Qg7 29. Rxe3 Rxe3 30. Qxe3 Rf8 31. Re1 c6 32. Qe6+ Qf7 33. Qxf7+
Rxf7 34. Re8+ Kg7 35. Ra8 1-0

[Event "Open Ciutat de Sabadell 2010"]
[Site "Sabadell ESP"]
[Date "2010.09.02"]
[Round "2.1"]
[White "Perez Mitjans, Orelvis"]
[Black "Quesada Perez, Yuniesky"]
[Result "1/2-1/2"]
[WhiteElo "2445"]
[BlackElo "2614"]
[PlyCount "58"]
[EventDate "2010.09.01"]
[EventType "swiss"]
[EventRounds "9"]
[EventCountry "ESP"]
[Source "lmi"]
[SourceDate "2010.09.01"]

1. e4 c5 2. Ne2 Nc6 3. d4 cxd4 4. Nxd4 Qc7 5. Nc3 e6 6. Be2 a6 7. O-O Nf6 8.
Be3 Be7 9. f4 d6 10. Kh1 O-O 11. Qe1 Nxd4 12. Bxd4 b5 13. e5 dxe5 14. Bxe5 Qb6
15. Qg3 Bb7 16. Bd3 Nh5 17. Qh3 g6 18. a4 Bc6 19. f5 exf5 20. Bxf5 Bf6 21. Bxf6
Nxf6 22. Bd3 b4 23. Rxf6 bxc3 24. Raf1 cxb2 25. Bxg6 hxg6 26. Rxg6+ fxg6 27.
Qe6+ Kg7 28. Qe7+ Kh8 29. Qe5+ Kg8 1/2-1/2

[Event "Open Ciutat de Sabadell 2010"]
[Site "Sabadell ESP"]
[Date "2010.09.02"]
[Round "2.2"]
[White "Kovalyov, Anton"]
[Black "Rojas Keim, Luis"]
[Result "1-0"]
[WhiteElo "2601"]
[BlackElo "2455"]
[PlyCount "57"]
[EventDate "2010.09.01"]
[EventType "swiss"]
[EventRounds "9"]
[EventCountry "ESP"]
[Source "lmi"]
[SourceDate "2010.09.01"]

1. c4 Nf6 2. Nf3 c5 3. Nc3 e6 4. g3 b6 5. Bg2 Bb7 6. O-O d6 7. d4 cxd4 8. Qxd4
a6 9. Rd1 Nbd7 10. Bg5 Be7 11. Qd2 O-O 12. Bf4 Ne8 13. Rac1 Rc8 14. b3 Qc7 15.
Qe3 Qc5 16. Qd3 Qh5 17. h3 f5 18. Qe3 e5 19. Nxe5 Bxg2 20. Nxd7 Qxh3 21. f3 Rf7
22. Nd5 Bf6 23. Qe6 Rd8 24. Kf2 Qh2 25. N7xf6+ Nxf6 26. g4 Qh3 27. Nxf6+ gxf6
28. Rg1 Rdd7 29. Rxg2 1-0

[Event "Open Ciutat de Sabadell 2010"]
[Site "Sabadell ESP"]
[Date "2010.09.02"]
[Round "2.3"]
[White "Fier, Alexandr"]
[Black "Matnadze, Ana"]
[Result "1-0"]
[WhiteElo "2588"]
[BlackElo "2428"]
[PlyCount "133"]
[EventDate "2010.09.01"]
[EventType "swiss"]
[EventRounds "9"]
[EventCountry "ESP"]
[Source "lmi"]
[SourceDate "2010.09.01"]

1. e4 c5 2. Nf3 d6 3. d4 cxd4 4. Nxd4 Nf6 5. Nc3 Nc6 6. Bg5 e6 7. Qd2 Qb6 8.
Bxf6 gxf6 9. Nb3 a6 10. O-O-O Bd7 11. f4 h5 12. Be2 O-O-O 13. Rhf1 Kb8 14. Kb1
Na5 15. Rf3 Nxb3 16. axb3 Bc6 17. f5 Be7 18. Bc4 Bxe4 19. Nxe4 d5 20. Qd4 dxe4
21. Qxb6 Rxd1+ 22. Ka2 Rd6 23. Qe3 exf3 24. Qxf3 h4 25. Qe4 Rh5 26. b4 Rc6 27.
Bd3 Rh8 28. Qg4 exf5 29. Bxf5 Rc7 30. c3 Bd6 31. Qg7 Re8 32. h3 Re2 33. Qxf6
Be5 34. Qd8+ Ka7 35. Kb3 f6 36. Qd5 Bg3 37. Be4 f5 38. Qxf5 Rf2 39. Qd5 Rff7
40. Bf5 Rfe7 41. Be6 Rg7 42. b5 axb5 43. Qxb5 Rc6 44. Qf5 Re7 45. Bc4 Re5 46.
Qd7 Rec5 47. Bd5 Rb6+ 48. Kc2 Rc7 49. Qa4+ Ra6 50. Qd4+ Kb8 51. c4 Rd6 52. b4
Rd8 53. Kb3 Re7 54. Qf6 Red7 55. Be4 Re8 56. Qg6 Red8 57. c5 Rc7 58. Qf6 Re8
59. Bf3 Rec8 60. Qb6 Bf2 61. Qb5 Bg3 62. Qe2 Ka7 63. Qe4 Bf2 64. g4 hxg3 65. h4
b6 66. Qe5 Kb8 67. Qd6 1-0

[Event "Open Ciutat de Sabadell 2010"]
[Site "Sabadell ESP"]
[Date "2010.09.02"]
[Round "2.4"]
[White "Anikaev, Yuri N"]
[Black "Peralta, Fernando"]
[Result "0-1"]
[WhiteElo "2426"]
[BlackElo "2564"]
[PlyCount "86"]
[EventDate "2010.09.01"]
[EventType "swiss"]
[EventRounds "9"]
[EventCountry "ESP"]
[Source "lmi"]
[SourceDate "2010.09.01"]

1. d4 d5 2. c4 e6 3. Nc3 Bb4 4. e3 Nf6 5. Bd3 c5 6. Nf3 cxd4 7. exd4 dxc4 8.
Bxc4 Qc7 9. Qe2 O-O 10. O-O Bxc3 11. bxc3 Nbd7 12. Bg5 b6 13. Rac1 Bb7 14. Bh4
Nh5 15. Bb3 Qf4 16. Bg3 Nxg3 17. hxg3 Qd6 18. Rfd1 Rac8 19. c4 Rfd8 20. Qe3 h6
21. c5 Qf8 22. Ba4 Bxf3 23. gxf3 Nf6 24. c6 Nd5 25. Qe5 Qa3 26. Bb3 Qd6 27. f4
Rxc6 28. Rxc6 Qxc6 29. f5 exf5 30. Qxf5 Nf6 31. d5 Qd6 32. Rc1 g6 33. Qf3 Qe5
34. Kf1 Kg7 35. Re1 Qd6 36. Qc3 h5 37. Qd4 Rc8 38. Kg2 a6 39. Rd1 b5 40. Qa7
Rc7 41. Qa8 Ng4 42. Rd2 h4 43. Rd4 Ne3+ 0-1

[Event "Open Ciutat de Sabadell 2010"]
[Site "Sabadell ESP"]
[Date "2010.09.02"]
[Round "2.5"]
[White "Almeida Quintana, Omar"]
[Black "Gonzalez Perez, Arian"]
[Result "1/2-1/2"]
[WhiteElo "2559"]
[BlackElo "2410"]
[PlyCount "93"]
[EventDate "2010.09.01"]
[EventType "swiss"]
[EventRounds "9"]
[EventCountry "ESP"]
[Source "lmi"]
[SourceDate "2010.09.01"]

1. d4 Nf6 2. c4 c5 3. d5 b5 4. cxb5 a6 5. bxa6 g6 6. Nc3 Bxa6 7. e4 Bxf1 8.
Kxf1 d6 9. Nf3 Nbd7 10. g3 Bg7 11. Kg2 O-O 12. h3 Ra6 13. Re1 Qa8 14. Bf4 Rb8
15. Qc2 Rb4 16. a3 Rb8 17. Rab1 Rab6 18. Nd2 Qa6 19. a4 Nh5 20. Bg5 Bxc3 21.
bxc3 f6 22. Be3 Rxb1 23. Rxb1 Rxb1 24. Qxb1 Qxa4 25. Qb7 Kf7 26. Qc8 Nf8 27.
Qg4 Ng7 28. Bh6 Qc2 29. Qf3 Nd7 30. Nc4 f5 31. exf5 Qxf5 32. g4 Qxf3+ 33. Kxf3
Ne8 34. Bf4 Ndf6 35. Ne3 e6 36. c4 exd5 37. cxd5 Ke7 38. g5 Nh5 39. Bh2 Nhg7
40. Ke4 Nc7 41. Ng4 Nf5 42. Nf6 Ne8 43. Ng4 Nc7 44. Ne3 Nxe3 45. fxe3 Na8 46.
Kd3 Nc7 47. Ke4 1/2-1/2

[Event "Open Ciutat de Sabadell 2010"]
[Site "Sabadell ESP"]
[Date "2010.09.02"]
[Round "2.6"]
[White "Lacasa Diaz, Jose Antonio"]
[Black "Lopez Martinez, Josep Manuel"]
[Result "0-1"]
[WhiteElo "2404"]
[BlackElo "2531"]
[PlyCount "38"]
[EventDate "2010.09.01"]
[EventType "swiss"]
[EventRounds "9"]
[EventCountry "ESP"]
[Source "lmi"]
[SourceDate "2010.09.01"]

1. e4 c5 2. Nf3 d6 3. d4 cxd4 4. Nxd4 Nf6 5. Nc3 a6 6. Be3 e6 7. f3 h5 8. Be2
Nbd7 9. O-O Qc7 10. f4 b5 11. f5 e5 12. Ne6 fxe6 13. fxe6 Nb6 14. Nd5 Nbxd5 15.
exd5 Be7 16. c4 O-O 17. Bxh5 Qxc4 18. Bf7+ Rxf7 19. exf7+ Kf8 0-1

[Event "Open Ciutat de Sabadell 2010"]
[Site "Sabadell ESP"]
[Date "2010.09.02"]
[Round "2.7"]
[White "Oms Pallisse, Josep"]
[Black "Gonzalez Rodriguez, Jorge A"]
[Result "1-0"]
[WhiteElo "2517"]
[BlackElo "2399"]
[PlyCount "81"]
[EventDate "2010.09.01"]
[EventType "swiss"]
[EventRounds "9"]
[EventCountry "ESP"]
[Source "lmi"]
[SourceDate "2010.09.01"]

1. d4 Nf6 2. c4 e6 3. Nf3 b6 4. g3 Bb7 5. Bg2 Bb4+ 6. Bd2 Qe7 7. Nc3 c5 8. d5
O-O 9. Nh4 d6 10. O-O exd5 11. cxd5 Ne8 12. Nf5 Qd8 13. e4 Nd7 14. a3 Bxc3 15.
Bxc3 f6 16. f4 b5 17. b4 Bc8 18. Qd3 a5 19. bxa5 c4 20. Qd2 Nc5 21. Nd4 Bd7 22.
Bb4 Nd3 23. Rf3 f5 24. Rxd3 cxd3 25. e5 Qc7 26. Rc1 Qb7 27. Qxd3 Rc8 28. Rxc8
Bxc8 29. h3 Rf7 30. Kh2 Rc7 31. Qxb5 Bd7 32. Qb6 Qa8 33. Nc6 g5 34. exd6 Rb7
35. Qd4 gxf4 36. Qxf4 Qa6 37. Qg5+ Kf8 38. Qh6+ Kf7 39. Ne5+ Kg8 40. Qg5+ Ng7
41. Qd8+ 1-0

[Event "Open Ciutat de Sabadell 2010"]
[Site "Sabadell ESP"]
[Date "2010.09.02"]
[Round "2.8"]
[White "Lorenzo De La Riva, Lazaro"]
[Black "Zoler, Dan"]
[Result "0-1"]
[WhiteElo "2391"]
[BlackElo "2509"]
[PlyCount "61"]
[EventDate "2010.09.01"]
[EventType "swiss"]
[EventRounds "9"]
[EventCountry "ESP"]
[Source "lmi"]
[SourceDate "2010.09.01"]

1. e4 c5 2. Nf3 d6 3. d4 cxd4 4. Nxd4 Nf6 5. Nc3 a6 6. Bg5 e6 7. Qf3 Nbd7 8.
O-O-O Qc7 9. Qg3 b6 10. Bd3 Bb7 11. Rhe1 O-O-O 12. f3 Kb8 13. Be3 Nc5 14. Bf1
Rg8 15. Nb3 Be7 16. Kb1 g5 17. Qf2 Nfd7 18. Be2 Ne5 19. Qf1 b5 20. Rd4 Rc8 21.
Rc1 Nc6 22. Rd2 Rgd8 23. Nd1 Ne5 24. Bd4 Nc4 25. Rd3 e5 26. Bc3 Ne3 27. Rxe3
Qb6 28. Bd2 d5 29. exd5 Rxd5 30. Bd3 Bf6 31. Qf2 0-1

[Event "Open Ciutat de Sabadell 2010"]
[Site "Sabadell ESP"]
[Date "2010.09.02"]
[Round "2.9"]
[White "Martinez Duany, Lelys Stanley"]
[Black "Rios, Cristhian Camilo"]
[Result "1-0"]
[WhiteElo "2507"]
[BlackElo "2380"]
[PlyCount "67"]
[EventDate "2010.09.01"]
[EventType "swiss"]
[EventRounds "9"]
[EventCountry "ESP"]
[Source "lmi"]
[SourceDate "2010.09.01"]

1. e4 c5 2. Nf3 e6 3. d4 cxd4 4. Nxd4 Nf6 5. Nc3 d6 6. Be2 Be7 7. O-O O-O 8. f4
Nc6 9. Be3 Bd7 10. Nb3 a6 11. a4 Na5 12. Nd2 Be8 13. Qe1 d5 14. exd5 exd5 15.
Qf2 Nc6 16. Nb3 Bb4 17. Rfd1 Ne7 18. Bb6 Qd7 19. a5 Rc8 20. Qf3 Qd6 21. Bd4 Bc6
22. Na2 Ne4 23. f5 f6 24. c3 Bc5 25. Nxc5 Nxc5 26. Nb4 Ba4 27. Re1 Bd7 28. Bd1
Nxf5 29. Qxd5+ Qxd5 30. Nxd5 Kh8 31. Nb6 Nxd4 32. cxd4 Nd3 33. Nxd7 Nxe1 34.
Nxf8 1-0

[Event "Open Ciutat de Sabadell 2010"]
[Site "Sabadell ESP"]
[Date "2010.09.02"]
[Round "2.10"]
[White "Carlstedt, Jonathan"]
[Black "Barrientos, Sergio E"]
[Result "1-0"]
[WhiteElo "2376"]
[BlackElo "2464"]
[PlyCount "111"]
[EventDate "2010.09.01"]
[EventType "swiss"]
[EventRounds "9"]
[EventCountry "ESP"]
[Source "lmi"]
[SourceDate "2010.09.01"]

1. c4 e5 2. g3 Nf6 3. Bg2 d5 4. cxd5 Nxd5 5. Nc3 Nb6 6. Nf3 Nc6 7. O-O Be7 8.
a3 O-O 9. d3 Re8 10. Be3 Bf8 11. b4 a5 12. Bxb6 cxb6 13. b5 Nd4 14. e3 Nxf3+
15. Bxf3 Bh3 16. Bxb7 Ra7 17. Bg2 Bxg2 18. Kxg2 Rd7 19. Qc2 Rxd3 20. Rfd1 Qa8+
21. e4 Rxd1 22. Qxd1 Rc8 23. Nd5 Rd8 24. Qh5 Qc8 25. Rd1 Re8 26. Qg5 h6 27. Qd2
Kh8 28. Qd3 Bc5 29. Ne3 Qe6 30. Nc4 Bd4 31. f4 Rc8 32. Rc1 Rc5 33. a4 f6 34.
Rc2 Rc8 35. f5 Qe7 36. Kf3 Bc5 37. Ne3 Qf7 38. g4 Qe8 39. Nd5 Bd4 40. Ke2 Kh7
41. Rc4 Qf8 42. Rc6 Rd8 43. Qb3 Rd6 44. h4 Bc5 45. Qd3 Qd8 46. Qc4 h5 47. Kf3
hxg4+ 48. Kxg4 Qf8 49. Kf3 Rd7 50. Qe2 Qf7 51. Qc4 Kh6 52. Rc8 g6 53. Rh8+ Kg7
54. fxg6 f5 55. Rh7+ Kf8 56. Rxf7+ 1-0

[Event "Open Ciutat de Sabadell 2010"]
[Site "Sabadell ESP"]
[Date "2010.09.03"]
[Round "3.1"]
[White "Oms Pallisse, Josep"]
[Black "Kovalyov, Anton"]
[Result "1/2-1/2"]
[WhiteElo "2517"]
[BlackElo "2601"]
[PlyCount "69"]
[EventDate "2010.09.01"]
[EventType "swiss"]
[EventRounds "9"]
[EventCountry "ESP"]
[Source "lmi"]
[SourceDate "2010.09.01"]

1. d4 Nf6 2. c4 e6 3. Nf3 b6 4. g3 c6 5. Bg2 d5 6. O-O Be7 7. Nc3 O-O 8. Ne5
Ba6 9. Qa4 Qe8 10. cxd5 cxd5 11. Qxe8 Rxe8 12. Bf4 Nbd7 13. Nxd7 Nxd7 14. Rfc1
Rac8 15. a4 g5 16. Bd2 Bc4 17. e4 dxe4 18. Bxe4 f5 19. Bg2 Bf6 20. Nb5 Bxb5 21.
axb5 Bxd4 22. Bc6 Rc7 23. Bxg5 Bxb2 24. Bf4 Rxc6 25. bxc6 Nf6 26. Rxa7 Bxc1 27.
Bxc1 Rc8 28. Bb2 Nd5 29. Rg7+ Kf8 30. Rxh7 Rxc6 31. Rb7 Rc7 32. Rxc7 Nxc7 33.
Kf1 Kf7 34. Ke2 Nd5 35. Kd3 1/2-1/2

[Event "Open Ciutat de Sabadell 2010"]
[Site "Sabadell ESP"]
[Date "2010.09.03"]
[Round "3.2"]
[White "Zoler, Dan"]
[Black "Fier, Alexandr"]
[Result "0-1"]
[WhiteElo "2509"]
[BlackElo "2588"]
[PlyCount "92"]
[EventDate "2010.09.01"]
[EventType "swiss"]
[EventRounds "9"]
[EventCountry "ESP"]
[Source "lmi"]
[SourceDate "2010.09.01"]

1. d4 Nf6 2. c4 g6 3. g3 Bg7 4. Bg2 O-O 5. Nc3 d6 6. Nf3 Nbd7 7. O-O e5 8. e4
a6 9. h3 exd4 10. Nxd4 Ne5 11. b3 c5 12. Nde2 Rb8 13. Be3 Qc7 14. f4 Nc6 15.
Rc1 b6 16. Qd2 Bb7 17. g4 Rfe8 18. g5 Nh5 19. Nd5 Qd8 20. f5 Be5 21. Bf3 Ne7
22. Bxh5 Nxd5 23. cxd5 gxh5 24. h4 a5 25. Bf4 Ba6 26. Bxe5 Rxe5 27. Rf4 Bxe2
28. Qxe2 Qe7 29. f6 Qd7 30. Rc3 Kh8 31. Qxh5 a4 32. Qe2 axb3 33. axb3 Ra8 34.
Kg2 Ra1 35. Rc2 Qe8 36. Qd3 Re1 37. Kf2 R1xe4 38. Rxe4 Rxe4 39. Re2 Rxe2+ 40.
Qxe2 Qxe2+ 41. Kxe2 h6 42. Kd3 hxg5 43. hxg5 b5 44. Ke4 b4 45. Kd3 Kh7 46. Kc4
Kg6 0-1

[Event "Open Ciutat de Sabadell 2010"]
[Site "Sabadell ESP"]
[Date "2010.09.03"]
[Round "3.3"]
[White "Peralta, Fernando"]
[Black "Martinez Duany, Lelys Stanley"]
[Result "1-0"]
[WhiteElo "2564"]
[BlackElo "2507"]
[PlyCount "131"]
[EventDate "2010.09.01"]
[EventType "swiss"]
[EventRounds "9"]
[EventCountry "ESP"]
[Source "lmi"]
[SourceDate "2010.09.01"]

1. d4 Nf6 2. c4 d6 3. Nf3 Nbd7 4. Nc3 e5 5. e4 g6 6. Be2 Bg7 7. O-O O-O 8. Be3
Qe7 9. Qc2 c6 10. d5 Ng4 11. Bd2 c5 12. Ne1 f5 13. f3 Nh6 14. Nd3 f4 15. b4 b6
16. a4 a5 17. bxa5 bxa5 18. Rab1 Bf6 19. Nb5 Nf7 20. Nc7 Ra7 21. Nb5 Ra8 22.
Nc7 Ra7 23. Ne6 Re8 24. Rb5 Nd8 25. Nxd8 Qxd8 26. Rfb1 g5 27. Qc3 Ba6 28. R5b2
Qa8 29. g3 Bd8 30. Bf1 fxg3 31. hxg3 Rf8 32. Nf2 Rb7 33. Rxb7 Bxb7 34. Bh3 Bc8
35. Be6+ Kh8 36. Ng4 Nf6 37. Nxf6 Bxe6 38. Nxh7 Kxh7 39. dxe6 Qc8 40. g4 Qxe6
41. Kg2 Kg6 42. Qd3 Bc7 43. Rb5 Ra8 44. Qd5 Qxd5 45. exd5 Ra6 46. Kf2 Bb6 47.
Ke2 Kf6 48. Kd1 Kg6 49. Kc1 Kf6 50. Kc2 Kg6 51. Rb1 Bd8 52. Rb8 Be7 53. Rb7 Bd8
54. Rd7 Bf6 55. Kd3 Bh8 56. Ke4 Bf6 57. Ke3 Bg7 58. Kd3 Bh8 59. Rc7 Bf6 60. Rc6
Rxc6 61. dxc6 Bd8 62. Ke4 Bc7 63. Kd5 Kf6 64. Bc1 Bb8 65. Be3 Bc7 66. Bd2 1-0